00733nam a22001695i 4500001000700000003000900007005001700016008004100033040003000074100003500104245012300139260006200262300002100324710004700345852006900392852010200461166817ES-MaACL20230906213416.0030116s1877 sp |||| | spa d aCCPB | B bspa cCCPB | B1 aUstáriz y Escribano, José.10aDiscurso leido en la Academia Médico-Quirúrgica Española / cpor el secretario general Jose Ustariz y Escribano. aMadrid : b[s.n.], c1877 (fimprenta de Enrique Teodoro) a18 p. ; c22 cm.0 aAcademia Médico-Quirúrgica Española. aES-MaACLjT-317-F-2 z-- Enc. hol. z-- Enc. en un vol. facticio aES-MaACLjT-377-F-18 z-- Enc. hol. z-- Enc. en un vol. facticio z.- Firma ms. de G. Saenz Diez